NFL 20 Highest Rush YPG All-Time - Statistics

General Stats
  • This quiz has been taken 59 times
  • The average score is 7 of 20
Answer Stats
Date YPC Player % Correct
10/14/2007 11.2 Adrian Peterson
81%
12/2/2012 10.0 Adrian Peterson
81%
11/4/2007 9.9 Adrian Peterson
81%
9/22/1963 11.6 Jim Brown
67%
9/22/1996 10.2 LeShon Johnson
59%
11/4/1984 9.9 Eric Dickerson
56%
12/9/1973 10.0 OJ Simpson
52%
1/3/2010 10.4 Jamaal Charles
33%
12/23/2012 10.3 Jamaal Charles
33%
10/22/2000 12.6 Corey Dillon
26%
12/30/2012 10.0 DeAngelo Williams
22%
10/23/2011 10.1 Demarco Murray
22%
11/4/2012 10.0 Doug Martin
22%
12/30/2006 10.2 Tiki Barber
15%
12/28/2003 10.9 Ahman Green
11%
13/23/1990 10.1 James Brooks
7%
9/7/2008 10.0 Michael Turner
7%
12/7/2003 9.9 Clinton Portis
4%
12/20/1970 10.9 John Fuqua
4%
12/26/1978 9.9 Terry Miller
4%
No matching quizzes found
Score Distribution
Percent of People with Each Score
Percentile by Number Answered
Your Score History
You have not taken this quiz